Comparison of honey mandarin shoot growth afyer BUD grafting ប្រៀបធៀបការលូតលាស់របស់ពន្លកក្រូចឃ្វិចទឹកឃ្មមុំ បន្ទាប់ពីបំបៅភ្នែក. (Record no. 1269)
[ view plain ]
| 000 -LEADER | |
|---|---|
| fixed length control field | 00618nam a22001577a 4500 |
| 003 - CONTROL NUMBER IDENTIFIER | |
| control field | OSt |
| 005 - DATE AND TIME OF LATEST TRANSACTION | |
| control field | 20150925160010.0 |
| 008 - FIXED-LENGTH DATA ELEMENTS--GENERAL INFORMATION | |
| fixed length control field | 150925b xxu||||| |||| 00| 0 eng d |
| 040 ## - CATALOGING SOURCE | |
| Transcribing agency | RUA |
| 082 ## - DEWEY DECIMAL CLASSIFICATION NUMBER | |
| Classification number | AGR SOR 2013 BO55 Or.1 |
| 100 ## - MAIN ENTRY--PERSONAL NAME | |
| 9 (RLIN) | 1352 |
| Personal name | SORN, KUNGKEA |
| 245 ## - TITLE STATEMENT | |
| Title | Comparison of honey mandarin shoot growth afyer BUD grafting ប្រៀបធៀបការលូតលាស់របស់ពន្លកក្រូចឃ្វិចទឹកឃ្មមុំ បន្ទាប់ពីបំបៅភ្នែក. |
| 260 ## - PUBLICATION, DISTRIBUTION, ETC. (IMPRINT) | |
| Place of publication, distribution, etc. | phnom phen |
| Name of publisher, distributor, etc. | RUA |
| Date of publication, distribution, etc. | 2013 |
| 300 ## - PHYSICAL DESCRIPTION | |
| Extent | X,50p. |
| Other physical details | ill. |
| Dimensions | 29cm. |
| 942 ## - ADDED ENTRY ELEMENTS (KOHA) | |
| Source of classification or shelving scheme | |
| Koha item type | AGR |
| Price effective from | Date last seen | Permanent Location | Not for loan | Date acquired | Source of classification or shelving scheme | Koha item type | Lost status | Withdrawn status | Total Renewals | Date last checked out | Total Checkouts | Shelving location | Damaged status | Barcode | Current Location | Full call number |
|---|---|---|---|---|---|---|---|---|---|---|---|---|---|---|---|---|
| 2015-09-25 | 2016-11-21 | Library Block B | 2015-09-25 | AGR | 1 | 2016-10-25 | 1 | B055 | RUA005592 | Library Block B | AGR SOR 2013 BO55 Or.1 | |||||
| 2015-09-25 | 2015-09-25 | Library Block B | 2015-09-25 | AGR | B055 | RUA005700 | Library Block B | AGR SOR 2013 BO55 Or.2 | ||||||||
| 2015-09-25 | 2016-04-27 | Library Block B | 2015-09-25 | AGR | 2 | 2016-04-27 | 2 | B055 | RUA006428 | Library Block B | AGR SOR 2013 BO55 Or.3 | |||||
| 2015-09-25 | 2015-09-25 | Library Block B | 2015-09-25 | AGR | B055 | RUA006429 | Library Block B | AGR SOR 2013 BO55 Or.4 | ||||||||
| 2015-09-25 | 2015-09-25 | Library Block B | 2015-09-25 | AGR | B055 | RUA006504 | Library Block B | AGR SOR 2013 BO55 Or.5 | ||||||||
| 2015-09-25 | 2020-06-29 | Library Block B | 2015-09-25 | AGR | 2020-06-24 | 1 | B055 | RUA006430 | Library Block B | AGR SOR 2013 BO55 Or.6 | ||||||
| 2015-09-25 | 2015-09-25 | Library Block B | 2015-09-25 | AGR | B055 | RUA006432 | Library Block B | AGR SOR 2013 BO55 Or.7 | ||||||||
| 2015-09-25 | 2015-09-25 | Library Block B | 2015-09-25 | AGR | RUA006500 | Library Block B | AGR SOR 2013 BO55 Or.8 | |||||||||
| 2019-01-21 | 2019-01-21 | Library Block B | 2019-01-21 | AGR | B1.210 | A41227 | Library Block B | AGR SOR 2013 B1.210 Or.1 | ||||||||
| 2019-01-22 | 2019-01-22 | Library Block B | 2019-01-22 | AGR | B1.214 | A41321 | Library Block B | AGR SOR 2013 B1.214 Or.1 |